| 000 | 00397nam a22001337a 4500 | ||
|---|---|---|---|
| 020 | _a0-273-01141-3 | ||
| 082 | _a629.13338 COR'R | ||
| 100 |
_aWAKKER, K. F,CORNELISSE, J. W,SCHOYLER, H. F. R _976141 |
||
| 245 | _aROCKET PROPULTION AND SPACE FLIGHT DYNAMICS | ||
| 260 |
_aLONDON _bPITMAN _c1979 |
||
| 300 | _a505P | ||
| 650 |
_aASTRODYNAMICS SPACE VEHICLES PROPULSION SYSTEM _976142 |
||
| 942 | _cBK | ||
| 999 |
_c581559 _d581559 |
||